The economic cost of fire (Record no. 103123)

MARC details
000 -LEADER
fixed length control field 00990cad a22002295a 4500
001 - CONTROL NUMBER
control field L123911
008 - FIXED-LENGTH DATA ELEMENTS--GENERAL INFORMATION
fixed length control field 031013s2003 xxk 000 0 eng u
020 ## - INTERNATIONAL STANDARD BOOK NUMBER
International Standard Book Number 1851126678
035 ## - SYSTEM CONTROL NUMBER
System control number (Sirsi) u123911
041 ## - LANGUAGE CODE
Language code of text/sound track or separate title eng
050 ## - LIBRARY OF CONGRESS CALL NUMBER
Classification number 692.21
-- 18
110 ## - MAIN ENTRY--CORPORATE NAME
Corporate name or jurisdiction name as entry element Office of the Deputy Prime Minister
9 (RLIN) 4685
245 04 - TITLE STATEMENT
Title The economic cost of fire
Remainder of title estimates for 2000
260 ## - PUBLICATION, DISTRIBUTION, ETC.
Place of publication, distribution, etc. London
Name of publisher, distributor, etc. ODPM
Date of publication, distribution, etc. 2003
300 ## - PHYSICAL DESCRIPTION
Extent 24p.
Dimensions 24cm.
350 ## - PRICE (NR) (BK AM CF MU VM SE) [OBSOLETE]
Price 6
520 ## - SUMMARY, ETC.
Summary, etc. This publication provides the results of estimating the economic cost of fire to England and Wales in 2000. It provides estimates for the total and average cost of fire, which are of use to all those who are interested in the impact of fire in terms of the economy as a whole.
690 ## - LOCAL SUBJECT ADDED ENTRY--TOPICAL TERM (OCLC, RLIN)
Topical term or geographic name as entry element MANAGEMENT-HEALTH AND SAFETY-FIRE SAFETY
710 ## - ADDED ENTRY--CORPORATE NAME
Corporate name or jurisdiction name as entry element Fire Safety Advisory Board
9 (RLIN) 4565
856 41 - ELECTRONIC LOCATION AND ACCESS
Uniform Resource Identifier <a href="https://www.communities.gov.uk/documents/fire/pdf/154659.pdf">https://www.communities.gov.uk/documents/fire/pdf/154659.pdf</a>
Public note View the item free of charge at www.communities.gov.uk...
942 ## - ADDED ENTRY ELEMENTS (KOHA)
Suppress in OPAC 0
Holdings
Withdrawn status Lost status Source of classification or shelving scheme Damaged status Not for loan Home library Current library Shelving location Date acquired Total Checkouts Full call number Barcode Date last seen Copy number Price effective from Koha item type
    Dewey Decimal Classification     Virtual Virtual Online 11/08/2005   ONLINE PUBLICATION 123911-2001 06/08/2019 1 06/08/2019 Book